|
|
|
|
| LEADER |
02172cas a2200241 a 4500 |
| 001 |
AALejournalIMF019100 |
| 008 |
230101c9999 xx r poo 0 0eng d |
| 020 |
|
|
|c 5.00 USD
|
| 020 |
|
|
|z 9781484399880
|
| 022 |
|
|
|a 1934-7685
|
| 040 |
|
|
|a BD-DhAAL
|c BD-DhAAL
|
| 110 |
2 |
|
|a International Monetary Fund.
|b Western Hemisphere Dept.
|
| 245 |
1 |
0 |
|a Uruguay :
|b 2018 Article IV Consultation-Press Release; Staff Report; and Statement by the Executive Director for Republic of Uruguay.
|
| 264 |
|
1 |
|a Washington, D.C. :
|b International Monetary Fund,
|c 2019.
|
| 300 |
|
|
|a 1 online resource (71 pages)
|
| 490 |
1 |
|
|a IMF Staff Country Reports
|
| 500 |
|
|
|a <strong>Off-Campus Access:</strong> No User ID or Password Required
|
| 500 |
|
|
|a <strong>On-Campus Access:</strong> No User ID or Password Required
|
| 506 |
|
|
|a Electronic access restricted to authorized BRAC University faculty, staff and students
|
| 520 |
3 |
|
|a This Article IV Consultation highlights that Uruguay has preserved macroeconomic stability in the wake of the turbulence in the region due to prudent policies and the accumulation of buffers over the years. With the worsening outlook and less friendly external environment, in the near term, policies should focus on maintaining resilience. In this context, additional efforts are needed to put debt on a firm downward trajectory and reduce inflation to within the target band. The IMF staff assesses that the external position is broadly consistent with fundamentals and desirable policy settings. The authorities and IMF staff have remained in broad agreement on the macroeconomic policy objectives, including maintaining public debt on a sustainable trajectory, keeping inflation low, and allowing exchange rate to adjust in line with fundamentals. Fiscal adjustment, however, has not proceeded as quickly as had been originally expected, and inflation has proven difficult to contain within the authorities' target range.
|
| 538 |
|
|
|a Mode of access: Internet
|
| 830 |
|
0 |
|a IMF Staff Country Reports; Country Report ;
|v No. 2019/064
|
| 856 |
4 |
0 |
|z Full text available on IMF
|u http://elibrary.imf.org/view/journals/002/2019/064/002.2019.issue-064-en.xml
|z IMF e-Library
|